<The> nature, significance and cost of rent seeking in Ghana.

Snahy o získanie renty (rent seeking) v Ghane, na základe metód uplatnených pri analýzach v Indii. Náklady rent seeking sa skúmajú nielen na báze dovozových licencií, ale aj cez devízové prirážky, a to za r. 1981 a 1984, raz v podmienkach občianskej vlády, raz za obdobie diktatúry. Závery o situácii...

Ausführliche Beschreibung

Gespeichert in:
Bibliographische Detailangaben
1. Verfasser: Ampofo-Tuffuor, E.
Weitere Verfasser: Delorme, Ch.D, Kamerschen, D.R
Format: Buchkapitel
Sprache:Englisch
Schlagworte:
Tags: Tag hinzufügen
Keine Tags, Fügen Sie das erste Tag hinzu!

MARC

LEADER 00000naa a2200000 4500
001 r007017
005 20221130103603.8
041 0 |a eng 
044 |a CH 
245 1 0 |a <The> nature, significance and cost of rent seeking in Ghana.  |c E. Ampofo-Tuffuor, Ch.D. Delorme, D.R. Kamerschen 
520 |a Snahy o získanie renty (rent seeking) v Ghane, na základe metód uplatnených pri analýzach v Indii. Náklady rent seeking sa skúmajú nielen na báze dovozových licencií, ale aj cez devízové prirážky, a to za r. 1981 a 1984, raz v podmienkach občianskej vlády, raz za obdobie diktatúry. Závery o situácii v Ghane sa zakladajú na hypotézach z Indie. 
610 2 0 |a náklady 
610 2 0 |a renta 
610 2 0 |a Ghana 
610 2 0 |a India 
610 2 0 |a porovnanie štatistické medzinárodné 
610 2 0 |a 1981 
610 2 0 |a 1984 
610 2 0 |a dovoz 
610 2 0 |a licencie 
100 1 |a Ampofo-Tuffuor, E. 
700 1 |a Delorme, Ch.D. 
700 1 |a Kamerschen, D.R.